Thành ngữ điển cố Trung Hoa; T1

Saved in:
Bibliographic Details
Main Author: Sơn Vân
Format: Book
Language:Undetermined
Published: Tp. HCM Trẻ 1994
Subjects:
Tags: Add Tag
No Tags, Be the first to tag this record!
Institutions: Trung tâm Học liệu Trường Đại học Cần Thơ
LEADER 00577nam a2200205Ia 4500
001 CTU_76
008 210402s9999 xx 000 0 und d
020 |b 30.000đ 
082 |a 495.12 
082 |b S464/T1 
100 |a Sơn Vân 
245 0 |a Thành ngữ điển cố Trung Hoa; T1 
245 0 |c Sơn Vân, Võ Ngọc Châu 
260 |a Tp. HCM 
260 |b Trẻ 
260 |c 1994 
650 |a chinese language 
650 |x terms and phrases 
904 |i Nguyễn Quang Điền, 961012 
980 |a Trung tâm Học liệu Trường Đại học Cần Thơ